Statistiques concernant Tableau périodique des éléments- Actinides

Cliquez ici pour prendre le quiz!

Statistiques générales

  • Ce quiz a été pris 11 fois
  • Le résultat moyen est 10 sur 15

Statistiques - réponses

Actinides% Correct
Plutonium
91%
Uranium
91%
Actinium
82%
Américium
73%
Californium
73%
Curium
73%
Einsteinium
73%
Lawrencium
73%
Mendélévium
73%
Neptunium
73%
Nobélium
73%
Berkélium
64%
Fermium
64%
Protactinium
64%
Thorium
9%

Distribution des résultats

Percentile par nombre de réponses

% des personnes avec chaque résultat

Votre développement - résultats

Vous n’avez pas pris ce quiz